00346pab a2200133 454500008004000000100002100040245006100061260000900122300000900131362001100140650002500151650001700176773001900193180718b1997 xxu||||| |||| 00| 0 eng d aSubrahmanyam, K. aArmed forces 1947-97: a political instrument of security c1997 ap.12 a28 Jul aArmed forces - India aArmed forces aTimes of India